000 00802nam a22002657a 4500
001 BR8206927
003 BR-BrBNA
005 20230928091539.0
007 ta
008 230509b bl.||||| |||| 00| 0 por d
040 _aBR-BrBNA
_bpor
_cBiblioteca Nacional de Agricultura
041 _a(Por)
072 _aE14; D10
_b/G514
090 _ E14 BR8206927
110 1 _aComissao Estadual de Planejamento Agricola do Piaui, Teresina (Brasil)
_92040
245 1 _aPerfil institucional da fundacao CEPA-PI [Comissao Estadual de Planejamento Agricola do Piaui, Brasil]
260 3 _aTeresina, PI (Brasil):
_c1982.
300 _a23 p.
500 _a8 tables
650 _aPLANEJAMENTO AGRICOLA
650 _aADMINISTRACAO
650 _aPIAUI
909 _a202309
_bLucia
_c55
_dLucia Elande
942 _cBK
999 _c34360
_d34360